| 000 | 00679nam a2200217 a 4500 | ||
|---|---|---|---|
| 001 | 802 | ||
| 005 | 20221127090027.0 | ||
| 008 | 050920s lxxua 00100 eng d | ||
| 020 |
_a0072987766 : _cSR277.00 |
||
| 035 | _a815 | ||
| 082 | 0 | 4 |
_a658.31124 _bSt49 2006 |
| 100 | 1 | _aStewart, Charles J. | |
| 245 | 1 | 0 |
_aInterviewing : _bprinciples and practies / _cCharles J. Stewart, William Cash. |
| 250 | _a11th ed. | ||
| 260 |
_aBoston, Mass. : _bMcGraw-Hill, _c2006. |
||
| 300 |
_axxi, 393 p. : _bill. ; _c23 cm. |
||
| 504 | _aIncludes bibl. refrerences and index. | ||
| 650 | 4 |
_aInterviewing _vTextbooks. |
|
| 650 | 4 | _aEmployment interviewing. | |
| 700 | 1 |
_aCash, William B., _ejt. auth. |
|
| 999 |
_c802 _d802 |
||